| 000 | 00639nam a2200229 i 4500 | ||
|---|---|---|---|
| 001 | bg | ||
| 100 | 1 | _aMOJSIEWICZ, Czesław | |
| 245 | 1 | 0 |
_aLeksykon problemów międzynarodowych i konfliktów zbrojnych / _cCzesław Mojsiewicz. |
| 250 | _aWyd. 2. | ||
| 260 |
_aWrocław : _b"Atla 2", _c1999. |
||
| 300 |
_a296 s. : _bmapy ; _c21 cm. |
||
| 504 | _aBibliogr. s. 291. | ||
| 650 | 9 |
_aPolityka międzynarodowa _yod 1945 r. |
|
| 655 | _aEncyklopedie | ||
| 020 | _a8386882719 | ||
| 040 | _cBPK | ||
| 041 | 0 | _apl | |
| 080 | _a327.5"1945/..."(03) | ||
| 920 | _a83-86882-71-9 | ||
| 942 | _cKS | ||
| 008 | s pl f |000 0 pol | ||
| 999 |
_c38693 _d38693 |
||
| 856 |
_uhttp://koha.tu.koszalin.pl/cgi-bin/koha/opac-detail.pl?biblionumber=38693 _yKatalog online BPK |
||